Library Banner

Islam: an introduction/ (Record no. 96820)

MARC details
000 -LEADER
fixed length control field 00391nam a22001457a 4500
005 - DATE AND TIME OF LATEST TRANSACTION
control field 20180228131057.0
008 - FIXED-LENGTH DATA ELEMENTS--GENERAL INFORMATION
fixed length control field 170810b xxu||||| |||| 00| 0 eng d
040 ## - CATALOGING SOURCE
Transcribing agency PK-LaUMT
082 ## - DEWEY DECIMAL CLASSIFICATION NUMBER
Classification number ZIAC 297
Item number ISL-
100 ## - MAIN ENTRY--PERSONAL NAME
Personal name Ebrahim Ahmed Bawany
245 ## - TITLE STATEMENT
Title Islam: an introduction/
Statement of responsibility, etc Ebrahim Ahmed Bawany
260 ## - PUBLICATION, DISTRIBUTION, ETC. (IMPRINT)
Place of publication, distribution, etc Karachi:
Name of publisher, distributor, etc Begum Aisha Bawany Wakf,
Date of publication, distribution, etc 1967
300 ## - PHYSICAL DESCRIPTION
Extent 161 p.
942 ## - ADDED ENTRY ELEMENTS (KOHA)
Koha item type Books
Holdings
Withdrawn status Lost status Damaged status Home library Current library Date acquired Full call number Barcode Date last seen Price effective from Koha item type
      UMT Main Campus UMT Main Campus 2017-08-10 ZIAC 297 ISL- 112472 2017-08-10 2017-08-10 Books